| 000 | 00557nam a22001937a 4500 | ||
|---|---|---|---|
| 003 | NUST | ||
| 005 | 20260417161519.0 | ||
| 008 | 180531b ||||| |||| 00| 0 eng d | ||
| 020 | _a9788177581300 | ||
| 038 | _aSNS Library | ||
| 082 |
_a546 _bHUH 2006 |
||
| 100 |
_aJames E. Huheey _910668 |
||
| 245 |
_aInorganic Chemistry _bPrinciples of Structure and Reactivity _cJames E. Huheey |
||
| 250 | _a4th Ed. | ||
| 260 |
_aIndia _bPearson _c2006 |
||
| 300 |
_a808 p. _bPb. |
||
| 590 | _6Indian Ed. | ||
| 942 |
_2ddc _cBK _e4th _k546 HUH 2006 _m546 HUH 2006 |
||
| 999 |
_c478459 _d478459 |
||